000 00518nam a2200121Ia 4500
008 220620s9999||||xx |||||||||||||| ||und||
100 _aVENUDO, ADRIANO||Rodani, Valentina||Devescovi, Valentina
245 0 _aChapter Lagoon scenarios for the Bassa Friulana plain: a flooding archipelago
546 _aEnglish[eng]
650 _aLagoon landscape||Plain forest||Friulan deserts||Land reclamation||ecological network||wetlands
856 _uhttps://library.oapen.org/bitstream/20.500.12657/56095/1/14798.pdf
942 _cEB
999 _c30353
_d30353